Video Games by Countries - Statistics

General Stats
  • This quiz has been taken 71 times
  • The average score is 8 of 15
Answer Stats
Hint Answer % Correct
Ghost of Tsushima Japan
98%
Red Dead Redemption 2 United States
97%
Forza Horizon 4 United Kingdom
80%
PUBG Russia
75%
Assassin's Creed Odyssey Greece
73%
Just Cause 3 Italy
67%
Total Overdose Mexico
62%
Splinter Cell: Blacklist Iran
53%
Witcher 3 Poland
53%
Call of Duty: Modern Warfare 2 Brazil
48%
Dying Light Turkey
40%
Far Cry 4 Nepal
35%
Spec Ops: The Line United Arab Emirates
30%
Planet Zoo Madagascar
12%
Tomb Raider Legend Ghana
10%
No matching quizzes found
Score Distribution
Percent of People with Each Score
Percentile by Number Answered
Your Score History
You have not taken this quiz